| 000 | 00476nam a22001577a 4500 | ||
|---|---|---|---|
| 082 | _aT-141 | ||
| 100 |
_aIntikhab Ahmed Qureshi _948490 |
||
| 245 |
_aLogistic cost study of export related commodities of Pakistan _cIntikhab Ahmed Qureshi |
||
| 260 |
_aRisalpur _bMCE _c2003 |
||
| 300 | _a159 P, : | ||
| 526 |
_a0 _b0 _c0 _dT_141 |
||
| 650 |
_aMaster of Science of Civil Engineering _948491 |
||
| 650 |
_aThesis _934811 |
||
| 700 |
_aBrig Tayyeb Akram _948492 |
||
| 942 |
_2ddc _cBK |
||
| 999 |
_c551422 _d551422 |
||